Facilities management handbook (Record no. 105783)

MARC details
000 -LEADER
fixed length control field 01095cam a2200337 4500
001 - CONTROL NUMBER
control field ##L134696
008 - FIXED-LENGTH DATA ELEMENTS--GENERAL INFORMATION
fixed length control field 060825n2006 000 0 eng u
020 ## - INTERNATIONAL STANDARD BOOK NUMBER
International Standard Book Number 0750668423
035 ## - SYSTEM CONTROL NUMBER
System control number (Sirsi) u134696
041 0# - LANGUAGE CODE
Language code of text/sound track or separate title eng
050 04 - LIBRARY OF CONGRESS CALL NUMBER
Classification number 658.2 $2 18
100 1# - MAIN ENTRY--PERSONAL NAME
Personal name Booty, Frank
245 00 - TITLE STATEMENT
Title Facilities management handbook
250 ## - EDITION STATEMENT
Edition statement 3rd ed.
260 ## - PUBLICATION, DISTRIBUTION, ETC.
Place of publication, distribution, etc. Oxford
Name of publisher, distributor, etc. Butterworth-Heinemann
Date of publication, distribution, etc. 2006
300 ## - PHYSICAL DESCRIPTION
Extent xxii, 473p.
Dimensions 24cm.
350 ## - PRICE (NR) (BK AM CF MU VM SE) [OBSOLETE]
Price 49.99
520 ## - SUMMARY, ETC.
Summary, etc. Gives an overview of all aspects of faciities management, including legal compliance, strategic policies and best practice. Includes information on maintenance and risk management, as well as business continuity and IT and communications.
520 ## - SUMMARY, ETC.
Summary, etc. Supersedes second edition (ISBN 0754523748)
590 ## - LOCAL NOTE (RLIN)
Local note IKA190906
651 #4 - SUBJECT ADDED ENTRY--GEOGRAPHIC NAME
Geographic name United Kingdom
Chronological subdivision
690 ## - LOCAL SUBJECT ADDED ENTRY--TOPICAL TERM (OCLC, RLIN)
Topical term or geographic name as entry element MANAGEMENT-FACILITIES MANAGEMENT
700 1# - ADDED ENTRY--PERSONAL NAME
Personal name Bottom, Connel
700 1# - ADDED ENTRY--PERSONAL NAME
Personal name Jeram-Dave, Nistha
700 1# - ADDED ENTRY--PERSONAL NAME
Personal name Sheret, Susan
700 1# - ADDED ENTRY--PERSONAL NAME
Personal name Perry, Pat
700 1# - ADDED ENTRY--PERSONAL NAME
Personal name Taylor, Chris
700 1# - ADDED ENTRY--PERSONAL NAME
Personal name Wustemann, Louis
942 ## - ADDED ENTRY ELEMENTS (KOHA)
Suppress in OPAC 0
Holdings
Withdrawn status Lost status Source of classification or shelving scheme Damaged status Not for loan Home library Current library Shelving location Date acquired Cost, normal purchase price Total Checkouts Full call number Barcode Date last seen Date last checked out Copy number Cost, replacement price Price effective from Koha item type
    Dewey Decimal Classification     London London Books 05/09/2006 42.49 21 658.2 BOO 30073230 06/08/2019 26/04/2010 1 42.49 06/08/2019 Book